Statistics for Guess the Spider-Men Quiz

Click here to take the quiz!

General Stats

  • This quiz has been taken 12 times
    (4 since last reset)
  • The average score is 5 of 19

Answer Stats

HintAnswer% Correct
Gwen StacyGhost Spider
75%
Peni ParkerSp//dr
75%
Peter ParkerSpider-Man
50%
Pravitr PrabhakarSpider-Man India
50%
Hobart BrownSpider-Punk
50%
Jessica DrewSpider-Woman
50%
Amadeus ChoIron Spider
25%
Cindy MoonSilk
25%
Mayday ParkerSpider-Baby
25%
Petra ParkerSpider-Girl
25%
Miguel O' HaraSpider-Man 2099
25%
Penis ParkerTom Holland
25%
Miles MoralesKid Arachnid
0%
Ben ReillyScarlet Spider
0%
Margo KessSpider-Byte
0%
Peter PorkerSpider-Ham
0%
Peter ParkerSpider-Man Noir
0%
Pter PtarkerSpider-Rex
0%
Patrick O' HaraWeb-Slinger
0%

Score Distribution

Percentile by Number Answered

Percent of People with Each Score

Your Score History

You have not taken this quiz since the last reset